000 00482ntaaa2200193 4500
003 01
005 20251027201845.0
008 0714s1973 ag 01
040 _aAR-BaBN
_bspa
_cAR-BaBN
_eaacr
_dRIC
082 _a248.1000 F22
100 _aFarmer, Mrs Foy J.
_917032
245 _aSacrifice and song
250 _a1 ed.
260 _aNashville :
_bBroadman Press,
_cc1953
300 _a106 p
500 _aStudy course book on stewardship
650 _amayordomía
942 _cBK
999 _c13222
_d13222